000 02083cam a22006374i 4500
001 a5238270
003 PE-LiUPU
005 20250731170408.0
005 20120803
008 140428s2012 sp g |||| 000 0 spa
020 _a9788484693093
035 _a(Sirsi) i9788484693093
035 _a(Sirsi) i9788484693093
035 _a(Sirsi) 52141
040 _aPE-LiUPU
_bspa
_cPE-LiUPU
_erda
082 0 4 _a128
_bM79
100 1 _aMoreno Iturralde, José Ignacio,
_d1961-
245 1 3 _aLa dignidad de todo ser humano /
_cJosé Ignacio Moreno Iturralde; Gonzalo Ares Mateos.
250 _aPrimera edición.
264 1 _aMadrid :
_bEdiciones Internacionales Universitarias,
_c2012.
300 _a117 páginas ;
_c24 cm
336 _atext
_btxt
_2rdacontent
337 _aunmediated
_bn
_2rdamedia
338 _avolume
_bnc
_2rdacarrier
504 _aIncluye bibliografía.
505 0 _aEl origen de la vida humana. El hombre: alma y cuerpo. El conocimiento humano. Persona y respeto. Relaciones interpersonales. La familia como raíz del hombre. La naturaleza humana. La naturaleza y la ética.
526 _aSEG68
526 _aSEG70
526 _aSEG69
526 _aSEG67
526 _aSEG43
526 _aP144
526 _aP143
526 _aP131
526 _aP122
526 _aP120
526 _aP117
526 _aP112
526 _aP110
526 _aP106
526 _aP101
526 _aP80
526 _aP59
526 _aP54
526 _aP35
526 _aP33
526 _aP30
650 7 _aDignidad de la persona.
_2embne
650 7 _aPersona (Filosofía).
_2embne
700 1 _aAres Mateos, Gonzalo,
_ecoautor.
942 _2ddc
_cBOOK
949 _a128 M79
_i69559
_lCCODEBUL1
_mBUL
_tLIBRO
_o.STAFF. Colección General
596 _a1
999 _a128 M79
_wDEWEY
_c6071
_i69559
_d6071
_e2017-4-26
_f2021-11-3
_g5
_lCCODEBUL1
_mBUL
_n3
_p25.00
_q1
_r0
_sY
_tBOOK
_u2015-7-6
_xSALUD
_PP35
_0COMPRA
_o.STAFF. Colección General
980 _81
_gALBERTO SANCHEZ Responsable de Automatización